000 00280nam a22001217a 4500
008 181012b xxu||||| |||| 00| 0 eng d
041 _aeng
080 _a820
100 _a46
101 _aEDU
245 _aReading Modern Poetry a Critical Anthology
_cEngle,P
942 _2udc
_cBK
999 _c49579
_d49579